000 01385nam a2200349 4500
003 EG-GICUC
005 20260121101219.0
008 251113s2022 ua ||||fr|||| 00| 0 ara d
017 _a202121285
020 _a9789770493717
040 _a EG-GICUC
_bara
_c EG-GICUC
_d EG-GICUC
_erda
041 0 _aara
082 0 4 _221
_a341.83
_bم ح . ن
092 0 4 _221
099 _aLaw1 12 341.83 م ح . ن 1 ed - 2022
100 0 _aمحمد عدلي رسلان عطا.
_eمؤلف.
245 1 2 _aالنظام القانوني والدستوري للأقليات :
_bدراسة مقارنة /
_cمحمد عدلي رسلان عطا.
250 _aالطبعة الاولى
264 1 _aالقاهرة :
_bدار النهضة العربية،
_c2022.
300 _a770 ؛ صفحة
_c24 سم.
336 _2rda content
_atext
337 _2rda media
_aComputer
338 _2rda carrier
_aOnline Resource
504 _aيحتوي على ارجاعات ببليوجرافية يحتوي على قائمة بالمراجع
546 _aالنص أغلبه باللغة العربية بعض النصوص الإنجليزية والفرنسية
650 1 _aمركز قانوني -- قانون دولي
_2qrmak
650 1 _aالاقليات
651 1 _2qrmak
856 4 0 _uhttps://fll.law.cu.edu.eg/fulltext/bks/B12-01278.pdf
905 _a75
_eYara
942 _2ddc
_n0
_cBK
_e21
999 _c43154
_d43154